Quizzes
Events
Quiz Creation
Community
Videos
Private Events
Remove Ads
Sign In
Join for FREE
Feedback
Dark Mode
Quiz Categories
Sports
Geography
Music
Movies
Television
Just For Fun
Miscellaneous
History
Literature
Language
Science
Gaming
Entertainment
Religion
Holiday
For Kids
Quiz Lab
Recent
Popular Today
Quiz Kudos Today
Editor Picks
Curator Picks
Quizzes by...
Day
Popularity
Type
Ratings
Length
Year
Community
Subscriptions
Recent Discussions
Orange Saloon
Badges
Playlists
Quests
Create
Leaderboards
Showdown
Live 5
Trivia Bingo
Activity
Puzzle Library
Sporcle Events
Private Events
Virtual Trivia
Globe League
Become a Host
Pub Owners
SporcleCon
Opinionation
Our Games
Videos
Blog
Mobile Apps
Partnerships
Remove Ads and Go Orange
Feedback
Literature
Harry Potter
A Song of Ice and Fire
The Hunger Games
Literary Character
Shakespeare
Book
Author
Novel
Poem
Young Adult
Children's Books
Play
Lord of the Rings
Literature
Harry Potter
A Song of Ice and Fire
The Hunger Games
Literary Character
Shakespeare
Book
Author
Novel
Poem
Young Adult
Children's Books
Play
Lord of the Rings
Random Quiz
Search Sporcle
×
Quiz Lab
Quiz Lab
Literature
Character
Type in answers that appear in a list
Type in answers that appear in a list
Classic
Best Score? Go Orange.
The Characters of Romeo and Juliet Stats
Can you name the The Characters of Romeo and Juliet?
By
Genius7294
2m
21 Questions
2,371 Plays
2,371 Plays
2,371 Plays
Comments
Comments
Give Quiz Kudos
Give Quiz Kudos
-
- Ratings
hide this ad
Random Order
Randomize order of answers
Randomize order of answers
Replay
Link that replays current quiz
Next Quiz
Link to next quiz in quiz playlist
You Got
0%
They Got
Avg Score
65%
Avg Friend Score
Upgrade to see
Score Distribution
Jump to the score distribution portion of the page
Score
0/21
Timer
02:00
0
Plays Today
Gender
Character
% Correct
Male
Romeo
98.7%
Female
Juliet
98.2%
Female
Lady Capulet
92.5%
Male
Mercutio
87.7%
Female
Lady Montague
86.1%
Male
Tybalt
84%
Female
Nurse
83.8%
Male
Benvolio
83.1%
Male
Capulet
81.5%
Male
Montague
76.9%
Male
Paris
72.2%
Gender
Character
% Correct
Male
Friar Lawrence
71.2%
Male
Friar John
52.6%
Male
Sampson
47.2%
Male
Balthasar
45.3%
Male
Gregory
45%
Female
Rosaline
43.8%
Male
Peter
35.9%
Male
Prince Escalus
35.1%
Male
Abram
32.9%
Male
The Apothecary
26.7%
Quiz Playlist
Details
Report
Send in Message
Add To Playlist
Classic:
Type in answers that appear in a list
Random Order:
Randomize order of answers
Last Updated: Feb 16, 2017
Quiz Scoreboard
CHALLENGE
Sign Up to Join the Scoreboard
Show All
Scores
Hide
Comments
May contain spoilers
Recently Published
TV Characters by Other Roles V
by ghcgh
Television
5m
Decade Duel: World Leaders
by jenniferyan
History
4m
Alphabetical 'K' Countries by Flag Minefield
by ylime102
Geography
3m
More to Explore
Quiz From the Vault
Featured Blog Post
15 Basketball Trivia Facts You Can Be March Mad About
hide this ad
You Might Also Like...
Tags
Character
Characters
juliet
romeo
Today's Top Quizzes in Literature
Browse Literature
hide this ad
Today's Top Quizzes in Character
Browse Character
Top Contributed Quizzes in Literature
1
Criteria Quiz: Harry Potter Gryffindors
2
Criteria Quiz: Harry Potter Deaths
3
Season Plays
4
Harry Potter Progressively Harder
5
Pick 3: Harry Potter Hogwarts Quidditch Players
6
Harry Potter Alphabet Blitz A
7
Harry Potter Characters: Logic Puzzle
8
Spring Reading List
9
Word Ladder: King's 'The Stand'
10
Harry Potter logic puzzle: Triwizard Tournament
Explore More
Trending Topics
Disney
Anime
Harry Potter
Kpop
Marvel
Crossword
NBA
Pokémon
Puzzle
Country
The Office
Soccer
NFL
WWE
Song
hide this ad
More By:
Genius7294
Quiz
Plays
Rating
Category
Featured
Created
The Characters of Romeo and Juliet
2,371
3.90
Literature
Feb 19, 2011
Most Used Electronic Devices
479
1.40
Miscellaneous
Feb 19, 2011
Countries with the Most Tourism 2007
317
1.71
Geography
Feb 20, 2011
Go to Creator's Profile
Score Distribution
Quiz Creator Spotlight
Genius7294
Follow
Send a Message
Quizzes Created
-
Created Quiz Play Count
-
More By This Creator
Popular Quizzes Today
1
Countries of Asia Without Outlines Minefield
2
Find the US States - No Outlines Minefield
3
Pick 6: Fruits
4
The Countries of the World
5
Find the Countries of Europe - No Outlines Minefield
6
Alphabetical 'K' Countries by Flag Minefield
7
US States
8
Find the US States
More Literature Quizzes
Song of Ice and Fire Characters by Quote
Quiz Lab
Trending Quizzes
Pick 6: Mountains
Pick 6: Harry Potter
Pick 6: Flags
Pick 6: NFL Teams
C Names for Actors
Recently Updated
Adaptations: Name the Title
pecheneg
NWSL Teams
pecheneg
Women's Final Four Teams by Year
bhenderson79
Presidents Quartet II
eogle
Anything But Clue(do)
eogle
Anything But Oceanian Capitals
eogle
Anything But 7
eogle
Anything But Thing
eogle
Word Ladder: February 29
pecheneg
Song Title Questions
pecheneg
Trending Topics
Marvel
Kpop
Harry Potter
Anime
Disney
NBA
Crossword
Song
NFL
Country
WWE
Puzzle
Pokémon
The Office
Soccer
Your Account Isn't Verified!
In order to create a playlist on Sporcle, you need to verify the email address you used during registration. Go to your
Sporcle Settings
to finish the process.
Report this User
Report this user for behavior that violates our
Community Guidelines
.
Details:
Send Report
Go to the Sporcle.com Mobile Site →
Comments